000 00291nam a22001337a 4500
008 170619b xxu||||| |||| 00| 0 eng d
020 _a0030034671
041 _aeng
080 _a32
100 _a20
101 _aSHP
245 _aTHE DEMOCRATIC EXPERIENCE
_cMARTZ,J.D
942 _2udc
_cBK
999 _c18172
_d18172